Communication networks Vol II : (Record no. 180663)

000 -LEADER
fixed length control field 01279 a2200193 4500
003 - CONTROL NUMBER IDENTIFIER
control field Nust
005 - DATE AND TIME OF LATEST TRANSACTION
control field 20221031105633.0
040 ## - CATALOGING SOURCE
Transcribing agency Nust
082 ## - DEWEY DECIMAL CLASSIFICATION NUMBER
Classification number 621.3192,GUI
100 ## - MAIN ENTRY--PERSONAL NAME
Personal name Guillemin, Ernst A
9 (RLIN) 39032
245 ## - TITLE STATEMENT
Title Communication networks Vol II :
Remainder of title the classical theory of long lines, filters and related networks /
Statement of responsibility, etc. Ernst A Guillemin
260 ## - PUBLICATION, DISTRIBUTION, ETC.
Place of publication, distribution, etc. John Wiley & Sons
Name of publisher, distributor, etc. New York
Date of publication, distribution, etc. 1956
300 ## - PHYSICAL DESCRIPTION
Extent vii, 587 p
505 ## - FORMATTED CONTENTS NOTE
Formatted contents note The Engineering Formulation of the Long Line Problems (Page-1), The Steady State Solutions to the Long Line Equations (Page-33), Propagation and Characteristic Impedance Functions of the Long Line (Page-80), Characteristics of Four Terminal Networks (Page-132), Theorems Regarding Driving Point Impedances and an Extension (Page-184), Energy Functions and Linear Network Transformations (Page-222), Artificial and Lump Loaded Lines (Page-256), The Non Dissipative Uniforms Ladders Structure (Page-279), Conventional Filter Theory (Page-299), Filter Methods Based Upon The Lattice Structure (Page-378), The Transient Behavior of Filters (Page-461), Simulative and Corrective Networks (Page-508),
538 ## - SYSTEM DETAILS NOTE
System details note Almirah No.31 Shelf No.4
600 ## - SUBJECT ADDED ENTRY--PERSONAL NAME
Personal name Ernst A Guillemin
9 (RLIN) 101866
650 ## - SUBJECT ADDED ENTRY--TOPICAL TERM
Topical term or geographic name entry element Communication networks Vol II
9 (RLIN) 101867
942 ## - ADDED ENTRY ELEMENTS (KOHA)
Source of classification or shelving scheme
Koha item type Book
Holdings
Withdrawn status Lost status Source of classification or shelving scheme Damaged status Not for loan Permanent Location Current Location Shelving location Date acquired Full call number Barcode Date last seen Price effective from Koha item type Public note
          Military College of Signals (MCS) Military College of Signals (MCS) General Stacks 12/12/2016 621.3192,GUI MCS6523 12/08/2016 12/12/2016 Book Almirah No.29, Shelf No.4
          Military College of Signals (MCS) Military College of Signals (MCS) General Stacks 12/12/2016 621.3192,GUI MCS6960 12/08/2016 12/12/2016 Book Almirah No.29, Shelf No.4
© 2023 Central Library, National University of Sciences and Technology. All Rights Reserved.